Statistics for ATP Tennis Tournaments

Click here to take the quiz!

General Stats

  • This quiz has been taken 4,901 times
    (4,900 since last reset)
  • The average score is 26 of 60

Answer Stats

HintAnswer% Correct
ATP 1000Madrid
91%
ATP 1000Paris
89%
ATP 1000Rome
89%
ATP 1000Miami
87%
ATP 1000Indian Wells
80%
ATP 500Barcelona
75%
ATP 1000Monte-Carlo
75%
ATP 1000Shanghai
75%
ATP 1000Toronto
75%
ATP 250London
70%
ATP 500Tokyo
68%
ATP 1000Cincinnati
66%
ATP 500Dubai
63%
ATP 500Beijing
62%
ATP 250Moscow
58%
ATP 250Sydney
58%
ATP 500Hamburg
54%
ATP 250Buenos Aires
52%
ATP 250Halle
51%
ATP 500Basel
50%
ATP 250Vienna
50%
ATP 250Doha
49%
ATP 250Stockholm
49%
ATP 250Munich
48%
ATP 500Rotterdam
48%
ATP 500Washington
48%
ATP 250Marseille
45%
ATP 250Brisbane
43%
ATP 500Acapulco
42%
ATP 250Auckland
38%
ATP 250Stuttgart
36%
ATP 500Valencia
34%
ATP 250Belgrade
33%
ATP 250St. Petersburg
33%
ATP 250Los Angeles
32%
ATP 250Sao Paulo
32%
ATP 250Houston
31%
ATP 250Zagreb
29%
ATP 250Atlanta
27%
ATP 250Bucharest
27%
ATP 250Nice
27%
ATP 250Chennai
26%
ATP 250Bangkok
24%
ATP 250Estoril
23%
ATP 250Montpellier
23%
ATP 250Eastbourne
22%
ATP 250Gstaad
22%
ATP 250Umag
21%
ATP 250Casablanca
20%
ATP 250Kuala Lumpur
20%
ATP 250Metz
20%
ATP 250Bastad
19%
ATP 250Delray Beach
19%
ATP 250Newport
18%
ATP 250Winston-salem
18%
ATP 500Memphis
17%
ATP 250Kitzbuhel
14%
ATP 250S-Hertogenbosch
14%
ATP 250San Jose
13%
ATP 250Vina del mar
12%

Score Distribution

Percentile by Number Answered

Percent of People with Each Score

Your Score History

You have not taken this quiz since the last reset